000 00969nmc a2200313 a 4500
003 AR-BaBNM
005 20251128205927.0
008 118019s1998 ||||||||||||||000 | spa||
020 _a950-503-280-3
040 _cAR-BaBNM
100 1 _aAvolio de Cols, Susana
245 1 0 _aLos proyectos para el trabajo en el aula
_binterrogantes básicos ¿por qué?, ¿para qué?, ¿qué? y ¿cómo?
250 _a1ª ed.
260 _aBuenos Aires
_bMarymar
_c1998
300 0 _a392 p.
_bgráfs.
490 0 _aEl maestro en su acción cotidiana
504 _aBibliografía al final de cada capítulo
650 4 _aPROYECTOS
650 4 _aPLANES DE CLASE
650 4 _aPLANIFICACION DEL CURRICULO
650 4 _aTEORIAS DEL APRENDIZAJE
650 4 _aFORMACION DE DOCENTES
650 4 _aOBJETIVOS EDUCACIONALES
653 0 _aCONSTRUCTIVISMO
653 0 _aPROCESO DE ENSENANZA-APRENDIZAJE
653 0 _aESTRATEGIAS EDUCATIVAS
942 _cBK
998 _cCarmen
999 _c13342
_d13342